Catálogo

Vista normal Vista MARC

Entrada Personal Name

Número de registros utilizados en: 3

001 - CONTROL NUMBER

  • control field: 4092

003 - CONTROL NUMBER IDENTIFIER

  • control field: Mx-PuUPA

005 - DATE AND TIME OF LATEST TRANSACTION

  • control field: 20200821093617.0

008 - FIXED-LENGTH DATA ELEMENTS

  • fixed length control field: 170417 a|ac|n|aab||||||||||||a |n|||||||

040 ## - CATALOGING SOURCE

  • Description conventions: rda
  • Original cataloging agency: Mx-PuUPA
  • Language of cataloging: spa
  • Transcribing agency: Mx-PuUPA
  • Modifying agency: Mx-PuUPA

100 1# - HEADING--PERSONAL NAME

  • Personal name: Chavez Olayo, David,

372 ## - FIELD OF ACTIVITY

  • Field of activity: Biología vegetal

374 ## - OCCUPATION

  • Occupation: Autor

375 ## - GENDER

  • Gender: hombre

377 ## - ASSOCIATED LANGUAGE

  • Language code: spa

400 1# - SEE FROM TRACING--PERSONAL NAME

  • Personal name: Olayo, David Chavez

670 ## - SOURCE DATA FOUND

  • Source citation: Bases biológicas sobre el crecimiento e incremento de las masas forestales:
  • Information found: t.p. (David Chavez Olayo) de portada